[Event "Let's Play Chess!"]
[Site "http://www.queenalice.com/game.php?id=1568881"]
[Date "2019.4.26"]
[Round "-"]
[White "ariberi"]
[Black "charles31"]
[Result "0-1"]
[WhiteElo "1499"]
[BlackElo "1695"]

1. e4 e5 2. Nf3 d6 3. d4 exd4 4. Qxd4 a6 5. Be3 Nc6 6. Qd2 Be6 7. Bd3 d5 8. e5
h6 9. O-O g5 10. Nc3 Bb4 11. Rfb1 f5 12. exf6 Qxf6 13. a3 Ba5 14. b4 Bb6 15. b5
axb5 16. Nxb5 Ba5 17. c3 Qf7 18. Nbd4 Nxd4 19. Bxd4 c6 20. Bxh8 b6 21. Ne5 Qc7
22. Bg6+ Kd8 23. Qd3 Kc8 24. c4 Kb7 25. c5 Ne7 26. Bf6 b5 27. Nf7 Bxf7 28. Bxf7
Rf8 29. Qh7 Nc8 30. Qg7 Rxf7 31. Be5 Rxg7 32. Bxc7 Kxc7 33. a4 b4 34. Re1 Ne7
35. Re6 h5 36. Rae1 Kd7 37. Rh6 h4 38. Rd6+ Kc7 39. Rh6 Nf5 40. Rh8 Nd4 41. Ra8
Nb3 42. Re3 Nxc5 43. Rxa5 Kd6 44. Re8 Nb7 45. Ra7 c5 46. Rh8 b3 47. Ra6+ Kc7 48.
Re8 b2 49. Re1 c4 50. Rae6 c3 51. R6e2 d4 52. g3 hxg3 53. fxg3 d3 54. Rd2 c2 55.
Rdd1 cxd1=Q 56. Rxd1 Rd7 57. h4 gxh4 58. gxh4 d2 59. Kf1 b1=Q 60. Rxb1 d1=Q+ 61.
Rxd1 Rxd1+ 62. Ke2 Rd4 63. a5 Nxa5 64. h5 Rh4 65. Ke3 Rxh5 66. Kd4 Kc6 67. Ke4
Nc4 68. Kd4 Nd6 69. Ke3 Rh4 70. Kd3 Kc5 71. Kc3 Rh3+ 72. Kd2 Ne4+ 73. Kc2 Kc4
74. Kb2 Kb4 75. Kc2 Rh2+ 76. Kd3 Ng5 77. Kd4 Rd2+ 78. Ke5 Kc5 79. Kf5 Nh3 80.
Kg4 Rg2+ 81. Kxh3 Rg8 82. Kh2 Kd4 83. Kh1 Ke3 84. Kh2 Kf3 85. Kh3 Rh8# 0-1

[Event "sorim2019"]
[Site "http://www.queenalice.com/game.php?id=1570029"]
[Date "2019.5.6"]
[Round "1"]
[White "ariberi"]
[Black "Danado"]
[Result "1-0"]
[WhiteElo "1491"]
[BlackElo "1729"]

1. e4 e5 2. Nf3 d6 3. g3 Bg4 4. Bg2 Bxf3 5. Qxf3 Qf6 6. O-O Qxf3 7. Bxf3 Nc6 8.
c3 O-O-O 9. d3 f6 10. Be3 Nge7 11. d4 exd4 12. cxd4 f5 13. d5 Ne5 14. Kg2 Nxf3
15. Kxf3 fxe4+ 16. Kxe4 g6 17. Bxa7 b6 18. Na3 Kb7 19. Nb5 c6 20. dxc6+ Nxc6 21.
Rac1 Rc8 22. Kd5 Nb4+ 23. Ke6 Rxc1 24. Rxc1 Ka6 25. a4 Bh6 26. Rc4 Ka5 27. b3
Bd2 28. Kd7 d5 29. Rd4 Be1 30. Kc7 Ka6 31. Bxb6 Bxf2 32. Rxb4 Bxb6+ 33. Kc6 d4
34. Nxd4 Bxd4 35. Rxd4 Rc8+ 36. Kd7 Rc2 37. Rd6+ Ka5 38. Rd5+ Kb4 39. Rb5+ Ka3
40. h4 Rc3 41. g4 Rh3 42. h5 gxh5 43. gxh5 Rh4 44. a5 Rg4 45. a6 Rg7+ 46. Ke8
Ra7 47. Rb7 Rxa6 48. Rxh7 Kxb3 49. Re7 Ra8+ 50. Kf7 Rh8 51. Kg6 Kc4 52. h6 Kd5
53. Kg7 Ra8 54. h7 Kd6 55. Re1 Ra7+ 56. Kh6 Ra8 57. Kg7 Ra7+ 58. Kh6 Ra8 59. Rg1
Ke5 60. Rg8 Ra6+ 61. Kh5 Ke6 62. h8=Q Ra5+ 63. Kh6 Ke7 64. Qh7+ Kf6 65. Qg7+ Ke6
66. Qg4+ Kf7 67. Qc4+ 1-0

[Event "zebra - 48"]
[Site "http://www.queenalice.com/game.php?id=1571356"]
[Date "2019.5.21"]
[Round "-"]
[White "ariberi"]
[Black "zubarev"]
[Result "0-1"]
[WhiteElo "1587"]
[BlackElo "1641"]

1. e4 e5 2. Nf3 Nc6 3. d4 exd4 4. Nxd4 Nge7 5. c3 Nxd4 6. cxd4 Ng6 7. Bd3 Be7 8.
Be3 O-O 9. O-O d6 10. h3 f5 11. Qf3 fxe4 12. Qxe4 d5 13. Qxg6 hxg6 14. Bxg6 Bg5
15. f4 Bf6 16. Nc3 Qd6 17. b3 Bxd4 18. Bxd4 Qxg6 19. Nxd5 Kh7 20. Nxc7 Qd6 21.
Nxa8 Qxd4+ 22. Kh1 Rxf4 23. Nc7 Rxf1+ 24. Rxf1 Qb2 25. Rf8 Qc1+ 26. Kh2 Qxc7+
27. Kh1 Be6 28. g4 Qc1+ 29. Kg2 Bd5+ 30. Kg3 Qe3+ 31. Kh2 Qe2+ 32. Kg1 Qg2# 0-1

[Event "AUTO-INT-3432"]
[Site "http://www.queenalice.com/game.php?id=1571665"]
[Date "2019.5.21"]
[Round "1"]
[White "TIKAR"]
[Black "ariberi"]
[Result "0-1"]
[WhiteElo "1560"]
[BlackElo "1573"]

1. e4 e5 2. Nf3 Nc6 3. Bc4 Qf6 4. c3 d6 5. Na3 g6 6. Nb5 Qe7 7. O-O Be6 8. Bxe6
fxe6 9. Ng5 O-O-O 10. Qg4 h5 11. Qg3 Bh6 12. d4 a6 13. Na3 exd4 14. Qf3 Bxg5 15.
Bxg5 Qxg5 16. Qf7 e5 17. b4 b5 18. cxd4 Nxd4 19. Rfe1 Nf6 20. Rac1 Rd7 21. Qxd7+
Kxd7 22. Re3 c6 23. Nc2 Nxe4 24. Nxd4 exd4 25. Ree1 Qd2 26. a3 Re8 27. h3 Qxf2+
28. Kh1 Ng3+ 29. Kh2 Rxe1 30. Rxe1 Qxe1 0-1

[Event "AUTO-INT-3432"]
[Site "http://www.queenalice.com/game.php?id=1571666"]
[Date "2019.5.21"]
[Round "1"]
[White "ariberi"]
[Black "TIKAR"]
[Result "0-1"]
[WhiteElo "1584"]
[BlackElo "1546"]

1. e4 e5 2. Nf3 d6 3. d4 c6 4. dxe5 dxe5 5. Nxe5 Qa5+ 6. Qd2 Qxe5 7. Bd3 Nf6 8.
Qc3 Qe6 9. Nd2 Qg4 10. O-O Be7 11. f3 Qg5 12. Nc4 Qc5+ 13. Ne3 O-O 14. Kh1 Nh5
15. Nf5 Bxf5 16. exf5 Nd7 17. g4 Nhf6 18. Bd2 Nd5 19. Qc4 Qxc4 20. Bxc4 b5 21.
Bd3 a5 22. a4 Nb4 23. axb5 cxb5 24. Bxb5 Nb6 25. c3 Nd3 26. Bxd3 Rad8 27. Be3
Nd5 28. Bf2 Nf4 29. Bc4 Nh3 30. Bb6 Rd2 31. b3 h6 32. Bb5 Rb8 33. Be3 Rc2 34.
Bc4 Rxc3 35. Rxa5 Rxe3 36. Kg2 Nf4+ 37. Kf2 Rexb3 38. Bxb3 Rxb3 39. Kg3 Bg5 40.
h4 Ne2+ 41. Kf2 Bxh4+ 42. Kxe2 Rb2+ 43. Ke3 Rb3+ 44. Ke4 Bg5 45. Ra8+ Kh7 46. f4
Rb4+ 47. Ke3 Rb3+ 48. Kd4 Rb4+ 49. Ke5 Rb5+ 50. Ke4 Rb4+ 51. Kf3 Rb3+ 52. Kg2
Bh4 53. Rf3 Rb2+ 54. Kh3 Be1 55. g5 h5 56. Ra6 h4 57. g6+ fxg6 58. fxg6+ Kh6 59.
Re6 Bg3 60. f5 Kh5 61. Re8 Rh2# 0-1

[Event "AUTO-INT-3432"]
[Site "http://www.queenalice.com/game.php?id=1571677"]
[Date "2019.5.21"]
[Round "1"]
[White "NetoJA"]
[Black "ariberi"]
[Result "1-0"]
[WhiteElo "1557"]
[BlackElo "1605"]

1. e4 d5 2. exd5 Qxd5 3. Nc3 Qd7 4. Nf3 g6 5. d4 e6 6. a3 Bg7 7. Ne5 Qd5 8. Bf4
c5 9. Nxd5 exd5 10. Bb5+ Nd7 11. Bxd7+ Bxd7 12. Nxd7 Kxd7 13. c3 c4 14. O-O Nh6
15. Bxh6 Bxh6 16. Qg4+ f5 17. Qh3 Bf4 18. g4 h5 19. gxf5 g5 20. f6+ g4 21. Qg2
Kd6 22. Rfe1 Rhf8 23. Re7 b5 24. Rh7 Rxf6 25. Rxh5 Rg8 26. Rh4 Rfg6 27. Re1 a5
28. Re5 g3 29. hxg3 Bxg3 30. fxg3 Rxg3 31. Qxg3 Rxg3+ 32. Kh2 Rg6 33. Re2 Kc6
34. Rh8 b4 35. cxb4 axb4 36. axb4 Kb5 37. Rb8+ Rb6 38. Rxb6+ Kxb6 39. Re8 Kb5
40. Rb8+ Kc6 41. Kg3 Kc7 42. Rh8 Kb6 43. Kf4 Kb5 44. Rb8+ Ka4 45. Ke5 Kb3 46.
Kxd5 Kxb2 47. Kxc4 Kc2 48. d5 1-0

[Event "AUTO-INT-3432"]
[Site "http://www.queenalice.com/game.php?id=1571678"]
[Date "2019.5.21"]
[Round "1"]
[White "ariberi"]
[Black "NetoJA"]
[Result "1-0"]
[WhiteElo "1551"]
[BlackElo "1494"]

1. e4 d6 2. d4 Nf6 3. e5 dxe5 4. dxe5 Ng4 5. f4 e6 6. Qxg4 b6 7. Be3 Bb7 8. Nf3
h5 9. Qh3 Bxf3 10. Qxf3 Nd7 11. Nc3 Bb4 12. Rd1 Qe7 13. Qxa8+ 1-0

[Event "AUTO-INT-3432"]
[Site "http://www.queenalice.com/game.php?id=1571685"]
[Date "2019.5.21"]
[Round "1"]
[White "ariberi"]
[Black "Danado"]
[Result "1-0"]
[WhiteElo "1565"]
[BlackElo "1718"]

1. e4 e5 2. d4 f6 3. d5 d6 4. Bd3 h6 5. Nf3 Bg4 6. Be3 Bxf3 7. Qxf3 Qe7 8. O-O
Na6 9. Qh5+ g6 10. Qxg6+ Qf7 11. Bb5+ Ke7 12. Qf5 Nb8 13. Bc4 c6 14. Qc8 Qe8 15.
Qxb7+ Nd7 16. dxc6 1-0

[Event "AUTO-INT-3432"]
[Site "http://www.queenalice.com/game.php?id=1571686"]
[Date "2019.5.21"]
[Round "1"]
[White "Danado"]
[Black "ariberi"]
[Result "0-1"]
[WhiteElo "1648"]
[BlackElo "1587"]

1. e3 e5 2. Qf3 Qe7 3. Bc4 Nf6 4. e4 d6 5. Bb3 Bg4 6. Qe3 Nc6 7. h3 Be6 8. Bxe6
Qxe6 9. Nf3 d5 10. exd5 Nxd5 11. Qe4 O-O-O 12. d3 Bc5 13. Be3 Nxe3 14. fxe3 f5
15. Qa4 Bxe3 16. Nc3 a6 17. Ng5 Bxg5 18. O-O Be3+ 19. Kh1 Rd4 20. Qb3 Qg6 21.
Ne4 fxe4 22. dxe4 Qxe4 23. Rae1 Rd2 24. Qe6+ Kb8 25. Qg4 Rd4 26. Qxe4 Rxe4 27.
Rf3 Re8 28. Rexe3 Rxe3 29. Rxe3 Nb4 30. Rg3 g6 31. Rf3 e4 32. Rf2 e3 33. Re2
Nxa2 34. c3 Nc1 35. Re1 e2 0-1

[Event "AUTO-OPEN-4070"]
[Site "http://www.queenalice.com/game.php?id=1575095"]
[Date "2019.6.21"]
[Round "1"]
[White "forever"]
[Black "ariberi"]
[Result "1-0"]
[WhiteElo "2080"]
[BlackElo "1590"]

1. d4 d5 2. c4 c5 3. dxc5 dxc4 4. Qxd8+ Kxd8 5. e3 e6 6. b4 cxb3 7. axb3 Bxc5 8.
Bb2 f6 9. Nc3 Bb4 10. O-O-O+ Nd7 11. Nb5 Ne7 12. Bc4 e5 13. f4 Ke8 14. Nf3 Nc5
15. Nd6+ Kf8 16. Nf7 Rg8 17. Rd8# 1-0

[Event "AUTO-OPEN-4070"]
[Site "http://www.queenalice.com/game.php?id=1575096"]
[Date "2019.6.21"]
[Round "1"]
[White "ariberi"]
[Black "forever"]
[Result "0-1"]
[WhiteElo "1588"]
[BlackElo "2069"]

1. e4 c5 2. e5 e6 3. c4 d5 4. f3 Qh4+ 5. g3 Qd4 6. f4 Qe4+ 7. Qe2 Qxh1 8. Qg2
Qxg2 9. Bxg2 d4 10. d3 Ne7 11. Be4 Nec6 12. a3 f5 13. Bf3 h6 14. h4 Be7 15. Bh5+
Kd8 16. Bd2 g6 17. Bxg6 Rg8 18. h5 Nd7 19. Ne2 Nf8 20. Kf2 Nxg6 21. hxg6 Bd7 22.
Kf3 Kc7 23. g4 Rxg6 24. gxf5 exf5 25. Ng3 Rag8 26. Be1 Bh4 27. Nh5 Bxe1 28. Nf6
Be6 29. Nxg8 Bxg8 30. Ke2 Ba5 31. Nd2 Rg2+ 0-1

[Event "AUTO-OPEN-4070"]
[Site "http://www.queenalice.com/game.php?id=1575118"]
[Date "2019.6.21"]
[Round "1"]
[White "chikalas"]
[Black "ariberi"]
[Result "0-1"]
[WhiteElo "1224"]
[BlackElo "1561"]

1. e4 e5 2. c3 d5 3. d3 d4 4. cxd4 exd4 5. Be2 Bc5 6. Nf3 b6 7. Bd2 Bb7 8. b4
Be7 9. Na3 c5 10. bxc5 Bxc5 11. Nb5 a6 12. Nbxd4 Bxd4 13. Nxd4 Qxd4 14. Be3 Qb4+
15. Bd2 Qd6 16. O-O Ne7 17. Bc3 O-O 18. e5 Qc6 19. Bf3 Qc7 20. Bxb7 Qxb7 21. Qe2
Nf5 22. Rfd1 Qc6 23. Qg4 g6 24. Rdc1 Qd5 25. d4 h5 26. Qe2 Nxd4 27. Bxd4 Qxd4
28. Rd1 Qg4 29. Qxg4 hxg4 30. Rac1 a5 31. Rc7 Na6 32. Rc6 Rab8 33. e6 Rfe8 34.
exf7+ Kxf7 35. Rd7+ Kf8 36. Rf6+ Kg8 37. Rxg6+ Kf8 38. Rd1 Nb4 39. Rxg4 Nxa2 40.
Rf4+ Kg7 41. h3 b5 42. Rf3 a4 43. Rd7+ Kg8 44. g4 b4 45. g5 b3 46. Rff7 b2 47.
Kg2 b1=Q 0-1

[Event "AUTO-OPEN-4070"]
[Site "http://www.queenalice.com/game.php?id=1575119"]
[Date "2019.6.21"]
[Round "1"]
[White "ariberi"]
[Black "JailtonMaster"]
[Result "0-1"]
[WhiteElo "1566"]
[BlackElo "2181"]

1. e4 d5 2. e5 Bf5 3. g4 Bg6 4. f4 Be4 5. Nf3 e6 6. d3 Bxf3 7. Qxf3 Ne7 8. d4
Nbc6 9. Bb5 g6 10. g5 Nf5 11. Be3 a6 12. Bd3 Nfxd4 13. Bxd4 Nxd4 14. Qf2 Bc5 15.
Nd2 Nxc2+ 16. Bxc2 Bxf2+ 17. Kxf2 c6 18. Kf3 h6 19. Nb3 hxg5 20. fxg5 Qxg5 21.
Rae1 Rh3+ 22. Ke2 Qxe5+ 23. Kf2 Rxh2+ 24. Kf3 Qh5+ 25. Kf4 Rxh1 26. Rxh1 e5+ 27.
Ke3 Qxh1 28. Nc5 Qg1+ 29. Kf3 Qxc5 0-1

[Event "AUTO-OPEN-4070"]
[Site "http://www.queenalice.com/game.php?id=1575120"]
[Date "2019.6.21"]
[Round "1"]
[White "JailtonMaster"]
[Black "ariberi"]
[Result "1-0"]
[WhiteElo "2122"]
[BlackElo "1586"]

1. e4 e5 2. Nf3 Nc6 3. Bb5 Bd6 4. O-O Nf6 5. d3 O-O 6. Nc3 h6 7. Be3 a6 8. Ba4
b5 9. Bb3 Bb7 10. Nd5 g5 11. Qd2 Ng4 12. Nxg5 hxg5 13. Bxg5 f6 14. Bxf6 Nxf6 15.
Nxf6+ Kg7 16. Qg5+ Kh8 17. Qh6# 1-0

[Event "sorim2019"]
[Site "http://www.queenalice.com/game.php?id=1575991"]
[Date "2019.7.1"]
[Round "2"]
[White "ariberi"]
[Black "sorim"]
[Result "0-1"]
[WhiteElo "1564"]
[BlackElo "1884"]

1. e4 e5 2. Nf3 Nc6 3. d4 exd4 4. Nxd4 d5 5. Nxc6 bxc6 6. Bd3 dxe4 7. Bxe4 Qxd1+
8. Kxd1 Bd7 9. Re1 O-O-O 10. Be3 Nf6 11. Bxa7 Nxe4 12. Rxe4 Bf5+ 13. Ke1 Bxe4
14. f3 Bxc2 15. Nc3 Bb4 16. Rc1 Rhe8+ 17. Kf2 Rd2+ 18. Kf1 Bxc3 19. bxc3 Ree2
20. Re1 Rxg2 21. Re8+ Kb7 22. Bg1 Bd3+ 23. Ke1 Rxa2 24. Bd4 Ra1# 0-1

[Event "Challenge"]
[Site "http://www.queenalice.com/game.php?id=1580679"]
[Date "2019.8.18"]
[Round "-"]
[White "eduardocosta"]
[Black "ariberi"]
[Result "1-0"]
[WhiteElo "1610"]
[BlackElo "1524"]

1. e3 d5 2. Bb5+ c6 3. Be2 e5 4. Nf3 e4 5. Nd4 Bd6 6. d3 Nf6 7. dxe4 dxe4 8. Nc3
c5 9. Nb3 O-O 10. Nb5 Be7 11. Nc3 Nc6 12. O-O Be6 13. Nd2 Bf5 14. Bb5 Ne5 15.
Be2 Bd6 16. Bc4 Nfg4 17. Bd5 Nc6 18. Bxc6 bxc6 19. h3 Qh4 20. Nc4 Nh2 21. Nxd6
Nxf1 22. Qxf1 Bg6 23. Qc4 Qg5 24. Ndxe4 Bxe4 25. Nxe4 Qd5 26. Qxd5 cxd5 27. Nxc5
Rfd8 28. b3 d4 29. exd4 Rxd4 30. Be3 Rd5 31. c4 Rd6 32. Ne4 Rd3 33. Nc5 Rc3 34.
Ne4 Rd3 35. Ng3 g6 36. Ne2 h5 37. Kf1 a5 38. Nd4 Rd8 39. c5 f5 40. g3 Kg7 41.
Ne6+ Kf7 42. Nxd8+ Rxd8 43. c6 Ke7 44. Bb6 Rc8 45. Rc1 g5 46. c7 Ke6 47. Rc2 Ke5
48. Bxa5 g4 49. b4 gxh3 50. Kg1 Ke4 51. Kh2 Kd3 52. Rc1 Kd2 53. Rc5 Ke2 54. Rc2+
1-0

[Event "AUTO-INT-3432"]
[Site "http://www.queenalice.com/game.php?id=1582895"]
[Date "2019.9.9"]
[Round "2"]
[White "NickThorp"]
[Black "ariberi"]
[Result "1-0"]
[WhiteElo "1703"]
[BlackElo "1548"]

1. e4 e5 2. Nf3 Nc6 3. Bb5 Nd4 4. Nxd4 exd4 5. d3 c6 6. Bc4 f6 7. Bxg8 Rxg8 8.
Bf4 g6 9. O-O h5 10. h3 d5 11. exd5 cxd5 12. c3 Bd6 13. Bxd6 Qxd6 14. Re1+ Kf7
15. cxd4 Bd7 16. Qf3 Rae8 17. Rxe8 Rxe8 18. Nc3 Bc6 19. Kf1 a6 20. Re1 Qh2 21.
Rxe8 Qh1+ 22. Ke2 Bxe8 23. Qxd5+ Kg7 24. Qxb7+ Bf7 25. Qa7 Qxg2 26. Qxa6 Qxh3
27. b4 Qe6+ 28. Qxe6 Bxe6 29. a4 h4 30. Kf1 h3 31. Kg1 Bf5 32. Kh2 g5 33. a5
Bxd3 34. b5 g4 35. b6 Ba6 36. Nd5 f5 37. Nf4 Kh6 38. f3 Kg5 39. Ne6+ Kh4 40.
fxg4 fxg4 41. Nc7 g3+ 42. Kg1 h2+ 43. Kg2 Bc8 44. a6 Kg4 45. b7 Bf5 46. b8=Q
Be4+ 47. Kf1 h1=Q+ 48. Ke2 Qf3+ 49. Ke1 Qc3+ 50. Ke2 Qd3+ 51. Ke1 Qxd4 52. Qg8+
Kh4 53. Ne6 Qc3+ 54. Ke2 g2 55. Qg5+ Kh3 56. Nf4+ Kh2 57. Qh4+ Kg1 58. Qf2+ Kh1
59. Nxg2 Bxg2 60. a7 Qe5+ 61. Kd2 Qa5+ 62. Ke2 Qa6+ 63. Ke1 Kh2 64. Qh4+ Kg1 65.
Qf2+ Kh1 66. Qh4+ 1-0

[Event "AUTO-INT-3432"]
[Site "http://www.queenalice.com/game.php?id=1582896"]
[Date "2019.9.9"]
[Round "2"]
[White "ariberi"]
[Black "NickThorp"]
[Result "0-1"]
[WhiteElo "1545"]
[BlackElo "1510"]

1. e4 e5 2. Nf3 Nc6 3. d4 exd4 4. Nxd4 Nxd4 5. Qxd4 Nf6 6. Qe3 Bb4+ 7. Bd2 Bxd2+
8. Nxd2 O-O 9. Be2 d6 10. O-O Bg4 11. e5 dxe5 12. Qxe5 Bxe2 13. Qxe2 Re8 14. Qd3
Qxd3 15. cxd3 Rad8 16. Ne4 Nxe4 17. dxe4 Rxe4 18. f3 Re2 19. Rf2 Rxf2 20. Kxf2
Rd2+ 21. Kg3 Rxb2 22. a4 a5 23. Rd1 h6 24. Rd8+ Kh7 25. Rd7 c6 26. Rxf7 b5 27.
Rb7 b4 28. h4 Ra2 29. Rc7 Rxa4 30. Rxc6 b3 31. Rc8 b2 32. Rb8 Rb4 33. Re8 b1=Q
34. h5 a4 35. Ra8 Qe1+ 36. Kh2 Rh4# 0-1

[Event "AUTO-INT-3432"]
[Site "http://www.queenalice.com/game.php?id=1582899"]
[Date "2019.9.9"]
[Round "2"]
[White "mvson33"]
[Black "ariberi"]
[Result "1-0"]
[WhiteElo "1835"]
[BlackElo "1528"]

1. e4 e5 2. Nf3 d6 3. Bc4 Be6 4. Bxe6 fxe6 5. O-O Nf6 6. Nc3 Nc6 7. d3 Nd4 8.
Be3 Nxf3+ 9. Qxf3 Be7 10. Rad1 Qd7 11. Qe2 O-O 12. f4 exf4 13. Bxf4 e5 14. Bg3
Ng4 15. Nd5 Nf6 16. Nxe7+ Qxe7 17. Qd2 h6 18. Rf3 Ng4 19. Rdf1 Rxf3 20. Rxf3 Rf8
21. Rxf8+ Qxf8 22. Qe2 h5 23. Qf1 Qxf1+ 24. Kxf1 Ne3+ 25. Ke2 Nxc2 26. Kd2 Nd4
27. Bh4 c5 28. Be7 Nb5 29. a4 Nd4 30. Bxd6 b6 31. Bxe5 Nb3+ 32. Kc2 Nd4+ 33. Kc3
Ne2+ 34. Kc4 g5 35. Kb5 Nd4+ 36. Bxd4 cxd4 37. Ka6 g4 38. Kxa7 Kf7 39. Kxb6 Ke6
40. a5 Ke5 41. a6 Kf4 42. a7 Ke3 43. a8=Q Kxd3 44. Qd5 h4 45. Kc5 Ke3 46. Qxd4+
Kf4 47. g3+ hxg3 48. hxg3+ Kxg3 49. Qg7 Kf4 50. Qxg4+ Ke5 51. Qf5# 1-0

[Event "AUTO-INT-3432"]
[Site "http://www.queenalice.com/game.php?id=1582900"]
[Date "2019.9.9"]
[Round "2"]
[White "ariberi"]
[Black "mvson33"]
[Result "0-1"]
[WhiteElo "1555"]
[BlackElo "1697"]

1. e4 d5 2. exd5 Qxd5 3. c4 Qd8 4. d4 Nf6 5. f3 e6 6. Nc3 Be7 7. Bd3 O-O 8. Nge2
Nc6 9. O-O b6 10. Be3 Bb7 11. a3 Qd7 12. b4 Rad8 13. b5 Nb8 14. g3 c6 15. a4
cxb5 16. Nxb5 Nc6 17. h4 a6 18. d5 exd5 19. cxd5 Nxd5 20. Qd2 Rfe8 21. Ned4 Nxe3
22. Qxe3 axb5 23. Bxb5 Qxd4 24. Bxc6 Qxe3+ 25. Rf2 Rd2 26. Rf1 Bxc6 27. Rb1
Qxf2+ 28. Kh1 Qh2# 0-1

[Event "AUTO-INT-3432"]
[Site "http://www.queenalice.com/game.php?id=1582903"]
[Date "2019.9.9"]
[Round "2"]
[White "ariberi"]
[Black "NetoJA"]
[Result "1-0"]
[WhiteElo "1524"]
[BlackElo "1719"]

1. e4 e5 2. Nf3 Nc6 3. d4 exd4 4. Nxd4 Bc5 5. Be3 Qf6 6. c3 Nge7 7. b4 Bxd4 8.
Bxd4 Nxd4 9. cxd4 d6 10. Be2 Nc6 11. Bb5 Bd7 12. e5 dxe5 13. Qf3 Qxf3 14. gxf3
O-O 15. d5 Nb8 16. Nc3 a6 17. Bc4 b5 18. Bd3 f5 19. O-O Rf6 20. Kh1 Rh6 21. a4
bxa4 22. Nxa4 c6 23. Nb6 Ra7 24. Nxd7 Rxd7 25. Bxa6 Nxa6 26. Rxa6 Rxd5 27. Rc1
Rb5 28. Ra8+ Kf7 29. Ra7+ Ke8 30. Re1 Rg6 31. f4 e4 32. f3 Rxb4 33. h4 Rh6 34.
Rxg7 Rxh4+ 35. Kg2 Rxf4 36. Rxh7 Rxf3 37. Ra1 Rb2+ 38. Kg1 Rb8 39. Rh8+ Kd7 40.
Rxb8 e3 41. Ra7+ Kd6 42. Rd8+ Kc5 43. Ra1 e2 44. Rc1+ Kb6 45. Rc8 Rf1+ 46. Rxf1
exf1=Q+ 47. Kxf1 c5 48. Ke2 Kb5 49. Kd3 f4 50. Ke4 Kc4 51. Kxf4 Kd5 52. Ke3 Kd6
53. Kd3 Kd5 54. Kc3 Kd6 55. Kc4 Kd7 56. Rxc5 1-0

[Event "AUTO-INT-3432"]
[Site "http://www.queenalice.com/game.php?id=1582904"]
[Date "2019.9.9"]
[Round "2"]
[White "NetoJA"]
[Black "ariberi"]
[Result "1-0"]
[WhiteElo "1728"]
[BlackElo "1564"]

1. e4 e5 2. Bc4 f6 3. Nf3 Ne7 4. Nxe5 d6 5. Nf7 Qd7 6. Nxh8 d5 7. exd5 Nxd5 8.
O-O b6 9. Qf3 Bb7 10. Bb3 Na6 11. Re1+ Be7 12. Qh5+ g6 13. Nxg6 hxg6 14. Qxg6+
Kf8 15. d4 Qe8 16. Bh6# 1-0

[Event "sorim2019"]
[Site "http://www.queenalice.com/game.php?id=1584248"]
[Date "2019.9.22"]
[Round "3"]
[White "digger"]
[Black "ariberi"]
[Result "1-0"]
[WhiteElo "1579"]
[BlackElo "1538"]

1. e4 e5 2. Bc4 h5 3. Nf3 Nc6 4. Bd5 Bd6 5. d3 Nge7 6. c3 O-O 7. Ng5 g6 8. Nf3
b6 9. Bc4 Na5 10. Bb5 c6 11. Ba4 b5 12. Bc2 f6 13. b4 Nb7 14. O-O g5 15. h3 Ng6
16. g3 Qb6 17. Be3 Qc7 18. d4 Nd8 19. a4 a6 20. a5 Ne6 21. d5 g4 22. hxg4 hxg4
23. Nh2 cxd5 24. exd5 f5 25. Bb6 Qb7 26. Ra2 Ng5 27. Qd3 e4 28. Qd2 Nf3+ 29.
Nxf3 gxf3 30. Qg5 Kg7 31. Bd4+ Kh7 32. Bb3 Be7 33. Qh5+ Kg8 34. Qxg6# 1-0